Statistics for Nine players that played for Inter, Juventus and Milan

Click here to take the quiz!

General Stats

  • This quiz has been taken 369 times
  • The average score is 4 of 9

Answer Stats

Football careerAnswer% Correct
1995–Andrea Pirlo
81%
1999–Zlatan Ibrahimovic
72%
1982–2004Roberto Baggio
58%
1991–2009Christian Vieri
42%
1927–1940Giuseppe Meazza
38%
1991–2014Edgar Davids
34%
1994–2011Patrick Vieira
24%
1977–1993Aldo Serena
12%
1937–1952Enrico Candiani
1%

Score Distribution

Percentile by Number Answered

Percent of People with Each Score

Your Score History

You have not taken this quiz